00389nam a22001097a 4500003000400000245006900004260004200073300000800115942001200123952012700135999001700262SGT aInternational Journal of Advanced Mechanical Engineering (IJAME) bRIP RESEARCH INDIA PUBLICATIONSc2019 a300 2ddccBV 00102ddc4051718ENGGaFEbFEcDISPLAYd2025-01-16eAHUJA PUBLISHER h9l0pFEP239r2025-01-16 00:00:00w2025-01-16yBV c29079d29079